|
|
|
|
| LEADER |
00000naa a2200000uu 4500 |
| 001 |
vtls011046023 |
| 003 |
SK-MaSNL |
| 005 |
20260302141007.0 |
| 008 |
210909|2013 xo |||||||||||||||||slo| |
| 015 |
|
|
|a SNBRA
|
| 035 |
|
|
|a (urnnbn)urn:nbn:sk:snk:ar-0092cr
|
| 035 |
|
|
|a (uuid)e25d8f05-260d-42fb-bc25-bdebf0fbe055
|
| 035 |
|
|
|a urn:nbn:sk:snk-aauxm5
|
| 040 |
|
|
|a SNKBUCL
|b slo
|c SNKBUCL
|e AACR2
|
| 041 |
0 |
|
|a slo
|
| 044 |
|
|
|a xo
|c SK
|
| 100 |
1 |
|
|a Maloveská, Marcela,
|d 1975-
|4 aut
|9 227653
|
| 245 |
1 |
0 |
|a VARIÁCIE ODTOKU LYMFY Z LYMPHOCENTRUM MESENTERICUM CAUDALE U KRÁLIKA
|c M. Maloveská, K. Vdoviaková, L. Krešáková
|
| 700 |
1 |
|
|a Vdoviaková, Katarína,
|d 1979-
|4 aut
|9 183466
|
| 700 |
1 |
|
|a Krešáková, Lenka,
|d 1979-
|4 aut
|9 183467
|
| 773 |
0 |
|
|t Vedecké práce doktorandov 2013
|d Košice : Ústav fyziológie hospodárskych zvierat SAV, 2013
|g S. 86-88
|z 9788097142803
|
| 958 |
|
|
|a OND
|
| 958 |
|
|
|a article12
|
| 958 |
|
|
|a chapter
|
| 999 |
|
|
|c 1333621
|d 1335551
|